<?xml version="1.0" encoding="UTF-8"?><?xml-stylesheet type="text/xsl" href="static/style.xsl"?><OAI-PMH xmlns="http://www.openarchives.org/OAI/2.0/" xmlns:xsi="http://www.w3.org/2001/XMLSchema-instance" xsi:schemaLocation="http://www.openarchives.org/OAI/2.0/ http://www.openarchives.org/OAI/2.0/OAI-PMH.xsd"><responseDate>2026-04-18T07:09:31Z</responseDate><request verb="GetRecord" identifier="oai:www.recercat.cat:10230/58363" metadataPrefix="marc">https://recercat.cat/oai/request</request><GetRecord><record><header><identifier>oai:recercat.cat:10230/58363</identifier><datestamp>2025-12-20T16:48:59Z</datestamp><setSpec>com_2072_6</setSpec><setSpec>col_2072_452952</setSpec></header><metadata><record xmlns="http://www.loc.gov/MARC21/slim" xmlns:dcterms="http://purl.org/dc/terms/" xmlns:xsi="http://www.w3.org/2001/XMLSchema-instance" xmlns:doc="http://www.lyncode.com/xoai" xsi:schemaLocation="http://www.loc.gov/MARC21/slim http://www.loc.gov/standards/marcxml/schema/MARC21slim.xsd">
   <leader>00925njm 22002777a 4500</leader>
   <datafield ind2=" " ind1=" " tag="042">
      <subfield code="a">dc</subfield>
   </datafield>
   <datafield ind2=" " ind1=" " tag="720">
      <subfield code="a">Farias, Déborah Barros Leal</subfield>
      <subfield code="e">author</subfield>
   </datafield>
   <datafield ind2=" " ind1=" " tag="720">
      <subfield code="a">Roger, Charles B.</subfield>
      <subfield code="e">author</subfield>
   </datafield>
   <datafield ind2=" " ind1=" " tag="260">
      <subfield code="c">2023-11-23T08:41:25Z</subfield>
   </datafield>
   <datafield ind2=" " ind1=" " tag="260">
      <subfield code="c">2023-11-23T08:41:25Z</subfield>
   </datafield>
   <datafield ind2=" " ind1=" " tag="260">
      <subfield code="c">2023</subfield>
   </datafield>
   <datafield ind2=" " ind1=" " tag="520">
      <subfield code="a">Includes supplementary materials for the online appendix.</subfield>
   </datafield>
   <datafield ind2=" " ind1=" " tag="520">
      <subfield code="a">In this article we measure, describe, and demonstrate the importance of differential treatment for developing countries in multilateral environmental agreements (MEAs). So far, we argue, quantitative research on differentiation has been minimal due to data constraints and the complex nature of relevant provisions. In response, we offer a way of relieving this constraint, exploiting the fact that MEAs with differentiation typically identify distinct sets of “developing country” parties. After describing the data collection process, we show that differentiation is surprisingly uncommon, appearing in only 6 percent of MEAs, and disproportionately appears in larger, more recent agreements. We then test a key conjecture about differentiation by revisiting the debate on the depth–participation dilemma. We demonstrate, specifically, how it conditions this relationship. When MEAs do not differentiate, greater depth reduces participation; when they do, the relationship is reversed, making it possible to sustain high levels of both. This result helps to reconcile conflicting findings in earlier studies and has important policy implications.</subfield>
   </datafield>
   <datafield tag="653" ind2=" " ind1=" ">
      <subfield code="a">Medi ambient -- Països en vies de desenvolupament</subfield>
   </datafield>
   <datafield tag="653" ind2=" " ind1=" ">
      <subfield code="a">Dret ambiental internacional</subfield>
   </datafield>
   <datafield ind2="0" ind1="0" tag="245">
      <subfield code="a">Differentiation in environmental treaty making: measuring provisions and how they reshape the depth–participation dilemma</subfield>
   </datafield>
</record></metadata></record></GetRecord></OAI-PMH>